Four Portraits of the Lord Jesus Christ: (Record no. 5358)

MARC details
000 -LEADER
fixed length control field 00501nam a22001697a 4500
003 - CONTROL NUMBER IDENTIFIER
control field GBCCL
005 - DATE AND TIME OF LATEST TRANSACTION
control field 20241126110539.0
008 - FIXED-LENGTH DATA ELEMENTS--GENERAL INFORMATION
fixed length control field 180315b ||||| |||| 00| 0 eng d
040 ## - CATALOGING SOURCE
Transcribing agency gbc
082 ## - DEWEY DECIMAL CLASSIFICATION NUMBER
Classification number 232
Item number SOL
100 ## - MAIN ENTRY--PERSONAL NAME
Personal name Soltau, George
9 (RLIN) 9647
245 ## - TITLE STATEMENT
Title Four Portraits of the Lord Jesus Christ:
Remainder of title Some suggestions for the study of the Gospels /
Statement of responsibility, etc. George Soltau
260 ## - PUBLICATION, DISTRIBUTION, ETC.
Place of publication, distribution, etc. New York:
Name of publisher, distributor, etc. Charles C. Cook
300 ## - PHYSICAL DESCRIPTION
Extent 195 p.;
Dimensions 19 cm.
650 ## - SUBJECT ADDED ENTRY--TOPICAL TERM
Topical term or geographic name entry element Jesus Christ
Form subdivision Portraits
9 (RLIN) 9648
942 ## - ADDED ENTRY ELEMENTS (KOHA)
Source of classification or shelving scheme Dewey Decimal Classification
Koha item type Books
Holdings
Withdrawn status Lost status Source of classification or shelving scheme Damaged status Not for loan Home library Current Library Shelving location Date acquired Total checkouts Full call number Barcode Date last seen Copy number Price effective from Koha item type
    Dewey Decimal Classification     GRACE BIBLE COLLEGE GRACE BIBLE COLLEGE Theology 2018-03-15   232 SOL 005543 2025-05-01 c.1 2018-03-15 Books
© Grace Bible College Library 2025